Metas Educativas 2021: Desafíos y oportunidades. Informe sobre tendencias sociales y educativas en América Latina 2010 (Record no. 7531)

MARC details
000 -LEADER
campo de control de longitud fija 00466nam a2200157Ia 4500
001 - NÚMERO DE CONTROL
campo de control 1086
008 - DATOS DE LONGITUD FIJA--INFORMACIÓN GENERAL
campo de control de longitud fija 241024s9999 xx 000 0 und d
020 ## - NÚMERO INTERNACIONAL ESTÁNDAR DEL LIBRO
Número Internacional Estándar del Libro 978-987-1439-74-4
082 ## - NÚMERO DE LA CLASIFICACIÓN DECIMAL DEWEY
Número de clasificación RD370/U54m/2010
100 ## - ENTRADA PRINCIPAL--NOMBRE DE PERSONA
Nombre de persona UNESCO
245 #0 - MENCIÓN DEL TÍTULO
Título Metas Educativas 2021: Desafíos y oportunidades. Informe sobre tendencias sociales y educativas en América Latina 2010
260 ## - PUBLICACIÓN, DISTRIBUCIÓN, ETC.
Nombre del editor, distribuidor, etc. Santo Domingo
Fecha de publicación, distribución, etc. 2010
590 ## - NOTA LOCAL (RLIN)
Nota local si
901 ## - ELEMENTOS DE DATOS A LOCAL LDA (RLIN)
a 28/12/2010 10:04:39 a.m.

No items available.

© 2024. Todos los Derechos Reservados. Desarrollado por IDEICE